[Event "Reykjavik Open 2016"]
[Site "Reykjavik ISL"]
[Date "2016.03.12"]
[Round "6.57"]
[White "Christensen, Janus"]
[Black "Fischer, Robert"]
[Result "1-0"]
[WhiteElo "2136"]
[BlackElo "1993"]
[WhiteFideId "1408402"]
[BlackFideId "2008653"]
[EventDate "2016.03.08"]

1. e4 e5 2. Nf3 Nc6 3. Bb5 Nf6 4. d3 Bc5 5. O-O Nd4 6. Nxd4 Bxd4 7. c3 Bb6 8. d4
O-O 9. Bd3 d5 10. exd5 exd4 11. c4 Qd6 12. g3 Bg4 13. f3 Bh3 14. Bf4 Qb4 15. Rf2
Rfe8 16. Nd2 Nh5 17. a3 Qe7 18. Ne4 Nxf4 19. gxf4 Bf5 20. b4 c6 21. Ng5 h6 22.
Bxf5 hxg5 23. c5 Qf6 24. Bc2 Bd8 25. Qd3 Qh6 26. Re2 Bf6 27. Rae1 Rf8 28. fxg5
Qxg5+ 29. Rg2 Qh4 30. Re4 Qh6 31. d6 a5 32. f4 axb4 33. axb4 Ra1+ 34. Bb1 Ra4
35. Qb3 Raa8 36. Rg3 Ra1 37. Kg2 Bh4 38. Rg4 Qh5 39. h3 Bf6 40. Bd3 g6 41. Re7
Rh1 42. Bxg6 1-0

[Event "Reykjavik Open 2016"]
[Site "Reykjavik ISL"]
[Date "2016.03.12"]
[Round "6.58"]
[White "Darnell, Anton"]
[Black "Bak, Christopher"]
[Result "0-1"]
[WhiteElo "2110"]
[BlackElo "1969"]
[WhiteFideId "1720244"]
[BlackFideId "439517"]
[EventDate "2016.03.08"]

1. d4 d5 2. c4 Nc6 3. Nf3 Bg4 4. Nc3 e6 5. cxd5 exd5 6. Bf4 Bb4 7. e3 Nf6 8. a3
Bd6 9. Bg5 Be7 10. Bd3 O-O 11. h3 Bh5 12. b4 a6 13. Qb3 Bxf3 14. gxf3 Re8 15.
O-O-O a5 16. Bxf6 Bxf6 17. b5 a4 18. Qc2 Na5 19. Bxh7+ Kh8 20. Bd3 Qd6 21. Kb2
c5 22. bxc6 bxc6 23. Nxa4 Nb7 24. Ka2 Be7 25. Nc5 Ra5 26. Qc3 Rea8 27. Rc1 Qc7
28. Rhg1 f6 29. Rxg7 Rxa3+ 30. Kb2 Ra2+ 31. Kb1 Qb6+ 32. Nb3 Ra1+ 33. Kc2 Rxc1+
34. Kxc1 Kxg7 35. Qe1 Qxb3 36. Qg1+ Kf8 0-1

[Event "Reykjavik Open 2016"]
[Site "Reykjavik ISL"]
[Date "2016.03.12"]
[Round "6.59"]
[White "Valtysson, Thor"]
[Black "Amos, Frank"]
[Result "1/2-1/2"]
[WhiteElo "1946"]
[BlackElo "2101"]
[WhiteFideId "2301903"]
[BlackFideId "4635442"]
[EventDate "2016.03.08"]

1. d4 f5 2. Nc3 Nf6 3. Bg5 e6 4. e4 fxe4 5. Nxe4 Be7 6. Bxf6 Bxf6 7. Nf3 d6 8.
Bd3 Nd7 9. c3 g6 10. Qc2 Qe7 11. h4 Nf8 12. O-O-O Bd7 13. Kb1 O-O-O 14. Nxf6
Qxf6 15. Be4 Kb8 16. Qb3 Bc8 17. Rhe1 h6 18. Re2 g5 19. hxg5 hxg5 20. Red2 Nd7
21. Ne1 g4 22. c4 e5 23. dxe5 Qxe5 24. Bc2 Nc5 25. Qa3 Be6 26. Nd3 Nxd3 27. Bxd3
Qf4 28. Qc3 Rdf8 29. Qc2 Rh2 30. Re1 Bc8 31. Be4 b6 32. a3 Bb7 33. Bxb7 Kxb7 34.
g3 Qf3 35. Ree2 Rh1+ 36. Ka2 Rf1 37. Qh7 Rf7 38. Qh5 Rf5 39. Qh7 Rh1 40. Qe7 d5
41. cxd5 Rxd5 42. Rc2 Rc5 43. Rxc5 bxc5 44. Qe4+ Qxe4 45. Rxe4 Rf1 46. Rf4 Kc6
47. Kb3 Kd5 48. Kc3 Rc1+ 49. Kd2 Rf1 1/2-1/2

[Event "Reykjavik Open 2016"]
[Site "Reykjavik ISL"]
[Date "2016.03.12"]
[Round "6.60"]
[White "Bottema, Martin"]
[Black "Murray, Michael A."]
[Result "1-0"]
[WhiteElo "2091"]
[BlackElo "1938"]
[WhiteFideId "1011006"]
[BlackFideId "2609126"]
[EventDate "2016.03.08"]

1. d4 Nf6 2. c4 Nc6 3. Nf3 d6 4. Nc3 e5 5. d5 Ne7 6. h4 a5 7. Bg5 Neg8 8. e4 h6
9. Bd2 Nd7 10. Be2 Nc5 11. Be3 b6 12. Nd2 Be7 13. g3 Bd7 14. Qc2 Nf6 15. f3 Nh5
16. Bf2 g6 17. O-O-O Ng7 18. f4 Bf6 19. Nf3 Qe7 20. fxe5 Bxe5 21. Nxe5 dxe5 22.
g4 Qd6 23. Be3 O-O-O 24. Rdf1 Rdf8 25. Qd2 h5 26. g5 Ne8 27. Bd3 Kb7 28. Rhg1
Rhg8 29. Kb1 Rg7 30. Rf2 Na6 31. Bc2 Nc5 32. Rgf1 Rh7 33. a3 Na6 34. Ba4 Bxa4
35. Nxa4 Qd7 36. Qc2 Nd6 37. c5 bxc5 38. Nxc5+ Nxc5 39. Qxc5 Ra8 40. Qc2 Ra6 41.
Bc5 Rg7 42. Bxd6 cxd6 43. Rf3 Ra7 44. Rb3+ Ka8 45. Rb6 Rc7 46. Rc6 Rxc6 47. dxc6
Qc7 48. Qc4 Ka7 49. Rf3 f5 50. gxf6 Rf7 51. Rb3 Rxf6 52. Rb7+ Qxb7 53. cxb7 1-0

[Event "Reykjavik Open 2016"]
[Site "Reykjavik ISL"]
[Date "2016.03.12"]
[Round "6.61"]
[White "Kleinert, Juergen"]
[Black "Arnarsson, Hrannar"]
[Result "1-0"]
[WhiteElo "1906"]
[BlackElo "2089"]
[WhiteFideId "4659180"]
[BlackFideId "2301121"]
[EventDate "2016.03.08"]

1. e4 e5 2. d4 d5 3. Nc3 dxe4 4. Nxe4 Bd7 5. c4 Bc6 6. Nc3 Nf6 7. Nf3 Bxf3 8.
Qxf3 c6 9. Be3 Qb6 10. Rb1 Bb4 11. Bd3 Qa5 12. O-O Bxc3 13. bxc3 Qxc3 14. Rb3
Qa5 15. Rxb7 O-O 16. g4 Rd8 17. g5 Rd7 18. Rxb8+ Rxb8 19. gxf6 g6 20. Qf4 Qd8
21. Be4 Rc7 22. Rd1 Rb4 23. c5 Rc8 24. h4 a5 25. Qg5 Rb7 26. Bf4 h5 27. Bxg6
fxg6 28. Qxg6+ Kh8 29. f7 1-0

[Event "Reykjavik Open 2016"]
[Site "Reykjavik ISL"]
[Date "2016.03.12"]
[Round "6.62"]
[White "Baumgartner, Christopher"]
[Black "Segerberg, Tomas"]
[Result "0-1"]
[WhiteElo "1821"]
[BlackElo "2070"]
[WhiteFideId "2022087"]
[BlackFideId "1712969"]
[EventDate "2016.03.08"]

1. e4 e6 2. Nf3 d5 3. Nc3 Nf6 4. e5 Nfd7 5. d4 c5 6. dxc5 Nc6 7. Bf4 Bxc5 8. Bd3
a6 9. O-O h6 10. h4 Nd4 11. Nxd4 Bxd4 12. Qg4 Nxe5 13. Qg3 Nxd3 14. Qxd3 Qf6 15.
Bd6 Bd7 16. a4 Bc6 17. Qg3 O-O-O 18. Bb4 Be5 19. Qg4 h5 20. Qe2 Bc7 21. g3 g5
22. hxg5 Qxg5 23. Bc5 d4 0-1

[Event "Reykjavik Open 2016"]
[Site "Reykjavik ISL"]
[Date "2016.03.12"]
[Round "6.63"]
[White "Hardarson, Jon Trausti"]
[Black "Gunnarsson, Helgi Petur"]
[Result "1-0"]
[WhiteElo "2058"]
[BlackElo "1737"]
[WhiteFideId "2302594"]
[BlackFideId "2302519"]
[EventDate "2016.03.08"]

1. d4 f5 2. Nc3 Nf6 3. Bg5 e6 4. e4 h6 5. Bxf6 Qxf6 6. exf5 exf5 7. Bc4 Bb4 8.
Nf3 c6 9. Ne5 d5 10. Qh5+ g6 11. Nxg6 Rg8 12. Nf4+ Qf7 13. Bd3 Qxh5 14. Nxh5
Rxg2 15. Ng3 f4 16. Bf1 f3 17. Bxg2 fxg2 18. Rg1 Bh3 19. Nh5 Bd6 20. f4 Kf7 21.
Nd1 Nd7 22. Nf2 Re8+ 23. Kd2 Bf5 24. Rxg2 Bg6 25. Rag1 Bxh5 26. Rg7+ Kf6 27.
Rxd7 Bxf4+ 28. Kc3 Bg6 29. Ng4+ Kf5 30. Rg7 h5 31. Ne5 Rxe5 32. R7xg6 Re3+ 33.
Kb4 Re2 34. R1g2 Rxc2 35. Rxc2 Kxg6 36. Rg2+ Kf5 37. Rg7 Bxh2 38. Rxb7 h4 39.
Rxa7 Bd6+ 40. Kc3 h3 41. Rh7 h2 42. Kd3 Kg4 43. Ke2 Kg3 44. Kf1 Be7 45. a4 Bh4
46. Rxh4 Kxh4 47. Kg2 c5 48. Kxh2 cxd4 49. Kg2 Kg4 50. Kf2 Kf4 51. Ke2 Ke5 52.
Kd3 Kd6 53. Kxd4 Kc6 54. b4 1-0

[Event "Reykjavik Open 2016"]
[Site "Reykjavik ISL"]
[Date "2016.03.12"]
[Round "6.64"]
[White "Sigurdarson, Alec Elias"]
[Black "Harringer, Manfred"]
[Result "0-1"]
[WhiteElo "1365"]
[BlackElo "2016"]
[WhiteFideId "2311003"]
[BlackFideId "12958336"]
[EventDate "2016.03.08"]

1. e4 e5 2. Nf3 Nc6 3. Bb5 d6 4. d4 exd4 5. Nxd4 Bd7 6. Bxc6 bxc6 7. O-O g6 8.
Nc3 Bg7 9. Be3 Nf6 10. f3 O-O 11. Qd2 c5 12. Nde2 Re8 13. Bg5 Bc6 14. Nd5 Bxd5
15. exd5 Qb8 16. c4 Nd7 17. Nc3 Qb4 18. Nb5 Qxc4 19. Nxc7 Re2 20. Qxe2 Qxe2 21.
Nxa8 Qe8 22. Nc7 Qb8 23. Ne6 fxe6 24. dxe6 Nf6 25. Rae1 Ne8 26. b3 d5 27. Kh1
Bc3 28. Re3 Bd2 29. Rd3 Bxg5 30. Rxd5 Be7 31. Rd7 Kf8 32. f4 Nf6 33. f5 Qb5 34.
Rdd1 gxf5 35. Rxf5 Qe2 0-1

[Event "Reykjavik Open 2016"]
[Site "Reykjavik ISL"]
[Date "2016.03.12"]
[Round "6.65"]
[White "Kristinsson, Jon"]
[Black "Jonsson, Pall G"]
[Result "1-0"]
[WhiteElo "2211"]
[BlackElo "1828"]
[WhiteFideId "2300141"]
[BlackFideId "2303205"]
[EventDate "2016.03.08"]

1. d4 b5 2. Nf3 Bb7 3. g3 e6 4. Bg2 b4 5. c4 c5 6. O-O Nf6 7. b3 d5 8. cxd5 Bxd5
9. Bb2 Be7 10. Nbd2 O-O 11. Qc2 cxd4 12. Nxd4 Bxg2 13. Kxg2 Qd5+ 14. e4 Qh5 15.
Rac1 Re8 16. N2f3 Nbd7 17. Nc6 Bf8 18. Rfd1 Qb5 19. Ncd4 Qa6 20. Qc6 Qa5 21. Qb5
Qb6 22. e5 Qxb5 23. Nxb5 Nd5 24. Nc7 Nxc7 25. Rxc7 Nb6 26. Bd4 Nd5 27. Rc4 a5
28. Nd2 f5 29. Rc6 Kf7 30. Rdc1 Red8 31. Nc4 Rd7 32. Bc5 Bxc5 33. Rxc5 a4 34.
Nd6+ Kg6 35. Nb5 axb3 36. axb3 Ra2 37. R1c2 Ra1 38. Rc1 Ra2 39. R1c2 Ra1 40. Rc6
Re7 41. Rd2 Rb1 42. Rxd5 Rxb3 43. Rd2 Rb1 44. Rcc2 Rb7 45. Nd6 Rb8 46. Rb2 Ra1
47. Rd3 Kh5 48. Rdb3 Ra4 49. f4 g5 50. Kf3 gxf4 51. Kxf4 Kg6 52. Nc4 h5 53. Rd2
Rc8 54. Nb6 Rc3 55. Rxc3 bxc3+ 56. Nxa4 cxd2 57. Nc3 h4 58. g4 fxg4 59. Kxg4 h3
60. Nd1 Kh6 61. Kf4 Kh5 62. Nf2 Kh6 63. Ke3 Kg6 64. Kxd2 Kf5 65. Ke3 Kxe5 66.
Nxh3 Kf5 67. Nf2 Kg5 68. Ke4 Kf6 69. Kf4 Kg6 70. Ke5 Kf7 71. Ng4 Ke7 72. h4 Kf7
73. h5 Ke7 74. Kf4 Kf7 75. Kg5 Kg7 76. h6+ Kh7 77. Kh5 Kg8 78. Kg6 Kh8 79. h7 e5
80. Nh6 1-0

[Event "Reykjavik Open 2016"]
[Site "Reykjavik ISL"]
[Date "2016.03.12"]
[Round "6.66"]
[White "Lochte, Thomas"]
[Black "De Winter, Eric"]
[Result "1-0"]
[WhiteElo "2067"]
[BlackElo "1808"]
[WhiteFideId "4606272"]
[BlackFideId "1033069"]
[EventDate "2016.03.08"]

1. e4 g6 2. d4 d6 3. Nc3 Bg7 4. Be2 Nf6 5. g4 Nfd7 6. Be3 e5 7. d5 h6 8. h4 a5
9. Bb5 Qe7 10. h5 c6 11. dxc6 bxc6 12. hxg6 fxg6 13. Ba4 Bb7 14. Qd2 g5 15.
O-O-O Nf6 16. f3 Kf7 17. Bb3+ Kg6 18. Nge2 a4 19. Nxa4 d5 20. Bc5 Qc7 21. Bb6
Qe7 22. Ng3 Nbd7 23. Nf5 Qf8 24. Bc7 Ne8 25. exd5 Nxc7 26. dxc6 Bxc6 27. Qd6+
Qf6 28. Ne7+ Kh7 29. Qxc6 Qxc6 30. Nxc6 Nf8 31. Nc5 Re8 32. Bf7 Ra8 33. Ne7 Nb5
34. Ne6 Bf6 35. Rxh6+ 1-0

[Event "Reykjavik Open 2016"]
[Site "Reykjavik ISL"]
[Date "2016.03.12"]
[Round "6.67"]
[White "Heimisson, Hilmir Freyr"]
[Black "Petersons, Ojars"]
[Result "1-0"]
[WhiteElo "2048"]
[BlackElo "1791"]
[WhiteFideId "2309998"]
[BlackFideId "11607769"]
[EventDate "2016.03.08"]

1. d4 f5 2. g4 fxg4 3. e4 d5 4. e5 c5 5. c3 Nc6 6. Bg2 Bf5 7. Ne2 e6 8. Be3 Nge7
9. Ng3 cxd4 10. cxd4 Qa5+ 11. Nc3 g6 12. O-O h5 13. a3 h4 14. b4 Qb6 15. Nxf5
gxf5 16. Na4 Qc7 17. Rc1 a6 18. Nc5 Kf7 19. Qd2 Qb8 20. Qa2 Bh6 21. Qd2 Bxe3 22.
fxe3 h3 23. Bh1 Qg8 24. Nxb7 g3 25. Nd6+ Kf8 26. Bf3 Rh6 27. e4 Rg6 28. exf5
gxh2+ 29. Kh1 Nxf5 30. Nxf5 exf5 31. Qc2 Ne7 32. Qxh2 Qe6 33. Rc7 f4 34. Qxf4+
Kg7 35. Bh5 Rg2 36. Qf6+ Qxf6 37. exf6+ Kh6 38. Rxe7 Kxh5 39. f7 Rg7 40. Re5+
Kh4 41. f8=Q 1-0

[Event "Reykjavik Open 2016"]
[Site "Reykjavik ISL"]
[Date "2016.03.12"]
[Round "6.68"]
[White "Carlsen, Henrik"]
[Black "Opasiak, Dustin Tennessee"]
[Result "1-0"]
[WhiteElo "2011"]
[BlackElo "1782"]
[WhiteFideId "1502832"]
[BlackFideId "24630217"]
[EventDate "2016.03.08"]

1. d4 c5 2. d5 Nf6 3. g3 e5 4. Bg2 d6 5. c4 Be7 6. Nc3 O-O 7. e4 Ne8 8. g4 Bg5
9. h3 g6 10. Nf3 Bxc1 11. Qxc1 Qe7 12. Qe3 f5 13. gxf5 gxf5 14. exf5 Bxf5 15.
Qg5+ Qxg5 16. Nxg5 Nd7 17. Ke2 Ndf6 18. b3 Nh5 19. Bf3 Neg7 20. Rag1 Kh8 21. Rh2
Rf6 22. Nce4 Bxe4 23. Nxe4 Rh6 24. Bg4 Rf8 25. f3 Nf5 26. Bxf5 Rxf5 27. Rg5 Nf4+
28. Ke3 Rf8 29. h4 Rg8 30. Rg4 Rhg6 31. h5 Rxg4 32. fxg4 Rd8 33. g5 h6 34. g6
Kg7 35. Kf3 Nd3 36. Kg4 Rd7 37. Ng3 Kf6 38. Nf5 e4 39. Nxh6 Ne5+ 40. Kf4 e3 41.
Ng4+ Nxg4 42. Kxg4 Re7 43. Kf3 Kg5 44. Ke2 Kh6 45. Rh3 Re5 46. Rg3 Kg7 47. h6+ 1-0

[Event "Reykjavik Open 2016"]
[Site "Reykjavik ISL"]
[Date "2016.03.12"]
[Round "6.69"]
[White "Lochte, Szilvia"]
[Black "Arnalds, Stefan"]
[Result "0-1"]
[WhiteElo "1859"]
[BlackElo "2007"]
[WhiteFideId "708410"]
[BlackFideId "2304821"]
[EventDate "2016.03.08"]

1. d4 Nf6 2. Nf3 g6 3. g3 Bg7 4. Bg2 O-O 5. c4 d5 6. Nc3 c5 7. dxc5 Qa5 8. cxd5
Ne4 9. Bd2 Nxc3 10. bxc3 Qxc5 11. Qb3 b6 12. O-O Ba6 13. Qd1 Nd7 14. Re1 Rac8
15. e4 Qa3 16. Qb3 Qd6 17. Rac1 Nc5 18. Qa3 Bc4 19. Bf4 Qd7 20. Bf1 Bxf1 0-1

[Event "Reykjavik Open 2016"]
[Site "Reykjavik ISL"]
[Date "2016.03.12"]
[Round "6.70"]
[White "Heyne, Regina"]
[Black "Probst, Alexander"]
[Result "0-1"]
[WhiteElo "1858"]
[BlackElo "2006"]
[WhiteFideId "4613236"]
[BlackFideId "4657535"]
[EventDate "2016.03.08"]

1. d4 d5 2. c4 dxc4 3. Nf3 Nf6 4. Qa4+ Bd7 5. Qxc4 e6 6. Bg5 Be7 7. Nbd2 Bc6 8.
Rc1 Nbd7 9. Bxf6 Bxf6 10. e3 O-O 11. Qc2 e5 12. Bd3 exd4 13. Bxh7+ Kh8 14. Be4
dxe3 15. fxe3 Ne5 16. Nxe5 Bxe5 17. Bxc6 bxc6 18. Nf3 Bf6 19. b3 Qe7 20. Kf2
Rfe8 21. Rhe1 Qa3 22. Re2 Re6 23. Qf5 Qe7 24. Rc4 Re8 25. Qd3 g6 26. Ra4 Qc5 27.
Nd4 Re4 28. Rc4 Qd5 29. b4 Rg4 30. Kf1 Kg7 31. Rc5 Qd6 32. h3 Rge4 33. a3 Bxd4
34. Rc4 Rxe3 35. Rxd4 Qf6+ 36. Rf2 Re1# 0-1

[Event "Reykjavik Open 2016"]
[Site "Reykjavik ISL"]
[Date "2016.03.12"]
[Round "6.71"]
[White "Mehringer, Joerg"]
[Black "Haraldsson, Oskar"]
[Result "1/2-1/2"]
[WhiteTitle "AIM"]
[WhiteElo "2000"]
[BlackElo "1765"]
[WhiteFideId "12915351"]
[BlackFideId "2301865"]
[EventDate "2016.03.08"]

1. e4 c5 2. g3 Nc6 3. Bg2 g6 4. Ne2 Bg7 5. O-O d6 6. c3 e6 7. d4 cxd4 8. cxd4
Qb6 9. Nbc3 Nxd4 10. Nxd4 Qxd4 11. Qxd4 Bxd4 12. Nb5 Bb6 13. Nxd6+ Ke7 14. Rd1
Nf6 15. Bg5 h6 16. Bxf6+ Kxf6 17. e5+ Ke7 18. Bxb7 Bxb7 19. Nxb7 Rhc8 20. Rd2
Rab8 21. Nd6 Rc5 22. Re2 f6 23. b3 Rxe5 24. Rxe5 fxe5 25. Nc4 Bd4 26. Re1 Kf6
27. Kg2 Rb5 28. Nd6 Rb6 29. Ne4+ Kf5 30. h4 g5 31. hxg5 hxg5 32. Kf3 g4+ 33. Kg2
Rc6 34. Re2 Rc7 35. Nd6+ Kg5 36. Nc4 Kf5 37. f3 gxf3+ 38. Kxf3 Rg7 39. Nd6+ Kg5
40. g4 Rh7 41. Ne4+ Kg6 42. Kg3 Rh1 43. Nd2 Rg1+ 44. Kh3 Rh1+ 45. Kg3 Rg1+ 46.
Rg2 Ra1 47. Nf3 Rd1 48. Rd2 Ra1 49. Nxd4 exd4 50. Kf4 Kf6 51. g5+ Kg6 52. Ke5
Re1+ 53. Kxd4 Kxg5 54. Rg2+ Kf6 55. Rc2 Ke7 56. Rh2 Kd6 57. Rh7 Rd1+ 58. Ke3 a5
59. Ra7 Rd5 60. Ra6+ Ke5 61. a3 Rb5 62. Kd2 Rxb3 63. Rxa5+ 1/2-1/2

[Event "Reykjavik Open 2016"]
[Site "Reykjavik ISL"]
[Date "2016.03.12"]
[Round "6.72"]
[White "Kakulidis, Ellen"]
[Black "Korning, Peter"]
[Result "1/2-1/2"]
[WhiteElo "1843"]
[BlackElo "1987"]
[WhiteFideId "1444972"]
[BlackFideId "1723332"]
[EventDate "2016.03.08"]

1. d4 d5 2. c4 e6 3. Nc3 c5 4. cxd5 exd5 5. Nf3 Nc6 6. dxc5 d4 7. Na4 Bxc5 8.
Nxc5 Qa5+ 9. Qd2 Qxc5 10. a3 Nf6 11. b4 Qb6 12. Bb2 O-O 13. Bxd4 Nxd4 14. Qxd4
Rd8 15. Qb2 a5 16. b5 a4 17. e3 Qa5+ 18. Qb4 Qxb4+ 19. axb4 Nd5 20. Bc4 Nxb4 21.
O-O Be6 22. Bxe6 fxe6 23. Rfb1 Nc2 24. Ra2 Nb4 25. Raa1 Nc2 26. Ra2 Nb4 27. Raa1 1/2-1/2

[Event "Reykjavik Open 2016"]
[Site "Reykjavik ISL"]
[Date "2016.03.12"]
[Round "6.73"]
[White "Erikstad, Olav"]
[Black "Weyer, Hans-Juergen"]
[Result "1-0"]
[WhiteElo "1838"]
[BlackElo "1967"]
[WhiteFideId "1504983"]
[BlackFideId "4651758"]
[EventDate "2016.03.08"]

1. e4 e6 2. d4 d5 3. e5 c5 4. c3 Nc6 5. Nf3 Qb6 6. Bd3 Bd7 7. O-O cxd4 8. cxd4
Nxd4 9. Nxd4 Qxd4 10. Nc3 a6 11. Qf3 Ne7 12. Rd1 Qxe5 13. Be3 Qc7 14. Rac1 Nc6
15. Bf4 Qd8 16. Qg3 h6 17. Re1 g5 18. Be3 Be7 19. Na4 d4 20. Bd2 Nb4 21. Nc5
Nxd3 22. Nxd3 a5 23. Nc5 Bc6 24. Ne4 Bxe4 25. Rxe4 Qd5 26. Qd3 Bc5 27. Qb5+ Kd8
28. Bxa5+ Rxa5 29. Qxa5+ b6 30. Qe1 Qxa2 31. Qd2 Ke7 32. h4 Qd5 33. Rce1 Rg8 34.
b4 f5 35. Rxe6+ 1-0

[Event "Reykjavik Open 2016"]
[Site "Reykjavik ISL"]
[Date "2016.03.12"]
[Round "6.74"]
[White "Kuehn, Matthias"]
[Black "Magnusdottir, Veronika Steinunn"]
[Result "1-0"]
[WhiteElo "1957"]
[BlackElo "1741"]
[WhiteFideId "24681288"]
[BlackFideId "2309114"]
[EventDate "2016.03.08"]

1. e4 c5 2. Nc3 a6 3. f4 b5 4. Nf3 Bb7 5. d3 e6 6. g3 Ne7 7. Bg2 b4 8. Ne2 d5 9.
e5 h5 10. O-O Nf5 11. h3 Nc6 12. c3 Rc8 13. Qe1 Be7 14. Bd2 a5 15. g4 hxg4 16.
hxg4 Nh4 17. Nxh4 Bxh4 18. Ng3 Qc7 19. Qe3 d4 20. Qf3 Ba8 21. Ne4 Be7 22. Rae1
Kd7 23. Re2 Qb6 24. Qg3 bxc3 25. bxc3 Qb2 26. c4 Qxa2 27. f5 Rcf8 28. f6 gxf6
29. exf6 Bd8 30. Qd6+ Kc8 31. Nxc5 Nb8 32. Bxa8 Bc7 33. Bb7# 1-0

[Event "Reykjavik Open 2016"]
[Site "Reykjavik ISL"]
[Date "2016.03.12"]
[Round "6.75"]
[White "Driscoll, Walter"]
[Black "Edvardsen, Ragnar"]
[Result "0-1"]
[WhiteElo "1810"]
[BlackElo "1954"]
[WhiteFideId "2038501"]
[BlackFideId "1502719"]
[EventDate "2016.03.08"]

1. e4 e5 2. Nf3 Nc6 3. Bb5 a6 4. Ba4 Nf6 5. O-O Be7 6. Re1 b5 7. Bb3 d6 8. c3
O-O 9. h3 Nb8 10. d4 Nbd7 11. Nbd2 Bb7 12. Bc2 Re8 13. Nf1 Bf8 14. Ng3 g6 15.
Be3 c5 16. d5 Qc7 17. Nh2 Bg7 18. Ng4 Nxg4 19. Qxg4 Nf6 20. Qh4 Qe7 21. Bh6 Nxd5
22. Qxe7 Nxe7 23. Be3 Rac8 24. a4 Nc6 25. axb5 axb5 26. Red1 Bf8 27. f4 Ra8 28.
f5 Kg7 29. fxg6 hxg6 30. h4 Rxa1 31. Rxa1 Ra8 32. Rxa8 Bxa8 33. h5 Nd8 34. hxg6
fxg6 35. Bb3 c4 36. Bc2 Ne6 37. b3 Be7 38. bxc4 bxc4 39. Ba4 Bh4 40. Nf1 Bxe4
41. Nd2 Bd3 42. Bb5 d5 43. Bc6 d4 44. cxd4 exd4 45. Nf3 Bf6 46. Bd5 dxe3 47.
Bxe6 Bc3 48. Bd5 Bd2 49. Bc6 Kf6 50. Bb5 Ke6 51. Nd4+ Kd5 52. Nf3 Kc5 53. Ba4
Kb4 54. Bd1 c3 55. Nd4 Kc4 56. Nf3 e2 57. Ne5+ Kd4 58. Nf3+ Ke3 0-1

[Event "Reykjavik Open 2016"]
[Site "Reykjavik ISL"]
[Date "2016.03.12"]
[Round "6.76"]
[White "Andersen, Niels Erik"]
[Black "Gardarsson, Hordur"]
[Result "0-1"]
[WhiteElo "1947"]
[BlackElo "1731"]
[WhiteFideId "1406507"]
[BlackFideId "2303604"]
[EventDate "2016.03.08"]

1. d4 Nf6 2. c4 e6 3. Nf3 d5 4. g3 Be7 5. Bg2 O-O 6. O-O b6 7. Qc2 Bb7 8. cxd5
exd5 9. Nc3 c5 10. Rd1 Nbd7 11. Bf4 Rc8 12. Qa4 a6 13. Qc2 b5 14. dxc5 Bxc5 15.
Qd3 Nb6 16. Bh3 b4 17. Bxc8 Qxc8 18. Nb1 Nc4 19. Qb3 Qh3 20. Nbd2 Ng4 21. Nf1
Bxf2+ 22. Kh1 Bc5 23. Nd4 Re8 24. Qf3 Re4 25. Nb3 Bb6 26. e3 h6 27. Re1 g5 0-1

[Event "Reykjavik Open 2016"]
[Site "Reykjavik ISL"]
[Date "2016.03.12"]
[Round "6.77"]
[White "Mai, Aron Thor"]
[Black "Baldvinsson, Loftur"]
[Result "0-1"]
[WhiteElo "1784"]
[BlackElo "1939"]
[WhiteFideId "2313383"]
[BlackFideId "2301261"]
[EventDate "2016.03.08"]

1. e4 e6 2. d4 d5 3. Nd2 Nc6 4. Ngf3 Nf6 5. e5 Nd7 6. c3 f6 7. exf6 Qxf6 8. Be2
Bd6 9. Nf1 O-O 10. Ng3 e5 11. dxe5 Ndxe5 12. O-O Be6 13. Ng5 Bf7 14. f4 Nd7 15.
Bf3 Nb6 16. Be3 Bxf4 17. Bxf4 Qxf4 18. Nxf7 Qxf7 19. a4 Rad8 20. b3 a5 21. Ne2
Qe7 22. Qd2 Qc5+ 23. Nd4 Nxd4 24. cxd4 Qe7 25. Rae1 Qa3 26. Qg5 Qb4 27. Qg4 Rde8
28. Rxe8 Rxe8 29. Qf4 Qe7 30. Kh1 Rf8 31. Qg3 c6 32. Re1 Qf6 33. Qc7 Qxd4 34.
Qxb7 Qf2 35. Rg1 Re8 36. h3 Qc5 37. Rf1 Rf8 38. Re1 Nc8 39. Qd7 Qd6 40. Qg4 Qf6
41. Re6 Qc3 42. Qh5 Qc1+ 43. Kh2 Qf4+ 44. Kh1 Nd6 45. Qg4 Qxg4 46. Bxg4 Rf6 47.
Re7 Kf8 48. Ra7 Ne4 49. Rxa5 h5 50. Ra8+ Ke7 51. Ra7+ Kd6 52. Bf3 Nd2 53. Bxh5
g6 54. Bg4 Nxb3 55. a5 Nc5 56. Kg1 d4 57. Ra8 Kc7 58. Rc8+ Kb7 59. Rd8 d3 60. h4
Rf4 61. Bf3 Kc7 62. Rg8 Rxf3 63. gxf3 d2 64. Rg7+ Nd7 0-1

[Event "Reykjavik Open 2016"]
[Site "Reykjavik ISL"]
[Date "2016.03.12"]
[Round "6.78"]
[White "Viktorsson, Svavar"]
[Black "Bjorgvinsson, Andri Freyr"]
[Result "1-0"]
[WhiteElo "1701"]
[BlackElo "1937"]
[WhiteFideId "2304520"]
[BlackFideId "2306913"]
[EventDate "2016.03.08"]

1. e4 c5 2. Nf3 e6 3. d3 Nc6 4. g3 d5 5. Nbd2 Nf6 6. Bg2 Be7 7. O-O a6 8. c3
dxe4 9. dxe4 e5 10. Qe2 Qc7 11. h3 h6 12. Nh4 g6 13. Nc4 Be6 14. Rd1 Bxc4 15.
Qxc4 Bd6 16. Be3 b5 17. Qe2 O-O-O 18. a4 c4 19. axb5 axb5 20. Ra6 Nd7 21. Ra8+
Kb7 22. Rxd8 Rxd8 23. Bxh6 Nc5 24. Bg5 Ra8 25. Rd5 Ra5 26. Qd2 Nd3 27. Bf1 Ra1
28. Rxb5+ Ka6 29. Rd5 Rb1 30. Rxd3 1-0

[Event "Reykjavik Open 2016"]
[Site "Reykjavik ISL"]
[Date "2016.03.12"]
[Round "6.79"]
[White "Eiriksson, Sigurdur"]
[Black "Hjaltalin, Thor"]
[Result "0-1"]
[WhiteElo "1933"]
[BlackElo "1580"]
[WhiteFideId "2302314"]
[BlackFideId "2310813"]
[EventDate "2016.03.08"]

1. e4 c5 2. Nf3 e6 3. d4 cxd4 4. Nxd4 a6 5. Nc3 Nc6 6. Nxc6 bxc6 7. Bd3 Bb4 8.
Bd2 Nf6 9. O-O d5 10. e5 Nd7 11. Qg4 Bxc3 12. bxc3 g6 13. Rfe1 c5 14. Qf3 Rb8
15. c4 d4 16. Bh6 Qh4 17. Bg7 Rg8 18. Bf6 Nxf6 19. exf6 Kd7 20. g3 Qg5 21. h4
Qh5 22. Qf4 Bb7 23. Be4 Bxe4 24. Rxe4 Qf5 25. Qe5 Qxe5 26. Rxe5 Kd6 27. f4 h5
28. Rd1 Kc6 29. Rd3 Rb1+ 30. Kf2 Rb2 31. Ra3 Rxc2+ 32. Kf1 Ra8 33. Ra4 a5 34.
Ke1 Rh2 35. Kd1 Rg2 36. Rg5 Rb8 37. Kc1 Rb4 38. Rxa5 Rxc4+ 39. Kd1 d3 40. Ra3 d2 0-1

[Event "Reykjavik Open 2016"]
[Site "Reykjavik ISL"]
[Date "2016.03.12"]
[Round "6.80"]
[White "Knoepfle, Andreas"]
[Black "O'Gorman, Alice"]
[Result "0-1"]
[WhiteElo "1905"]
[BlackElo "1620"]
[WhiteFideId "1270685"]
[BlackFideId "2508214"]
[EventDate "2016.03.08"]

1. d4 d5 2. Nf3 Nf6 3. Bg5 Ne4 4. Bf4 c5 5. c3 Qb6 6. Qb3 e6 7. e3 Bd7 8. Be2
Be7 9. O-O Nc6 10. Nbd2 Nxd2 11. Nxd2 O-O 12. Qc2 Rac8 13. Qb3 Rfe8 14. Nf3 Ra8
15. Qc2 Rac8 16. Qd2 cxd4 17. exd4 Na5 18. Rab1 Nc4 19. Qc2 h6 20. Ne5 Nxe5 21.
dxe5 Bb5 22. Bxb5 Qxb5 23. Qb3 Qc4 24. Be3 b6 25. Rbd1 Red8 26. Rd4 Qc7 27. f4
Bc5 28. Rd3 Bxe3+ 29. Rxe3 Qc5 30. Re1 d4 31. cxd4 Rxd4 32. g3 Rd2 33. Kh1 Qc6+
34. Re4 Qxe4+ 35. Rxe4 Rc1+ 0-1